000 01109nam a2200229 a 4500
001 49990
005 20180714034908.0
008 140415s2001 mx 000 0 spa d
020 _a970104133X
041 _aspa
082 _a616.89
_bJAC
100 1 _aJACOBSON, JAMES L.
245 1 0 _aSECRETOS DE LA PSIQUIATRIA
250 _a1a ed.
260 _aMEXICO :
_bMCGRAW-HILL INTERAMERICANA EDITORES,
_c2001
300 _a2
_c15.5 x 0.9 x 23
520 _aSECRETOS DE LA PSIQUIATRIA LIBRO ACTUALIZADO Y REVISADO EN SU TOTALIDAD, IDEAL PARA EVALUAR Y TRATAR LAS ENFERMEDADES PSIQUIATRICAS DE NIÑOS, ADULTOS Y ANCIANOS. OFRECE CONOCIMIENTO SUCINTO BASADO EN PSIQUIATRIA Y PROFUNDIZADA EN EL ARTE Y PRACTICA DE LA PSIQUIATRIA. CONCRETO CON LA INTENCION DE QUE SE COMPRENDA RAPIDO, UTIL PARA RESIDENTES, PSIQUIATRAS, MEDICOS DE ATENCION PRIMARIA Y PRACTICANTES EN GENERAL. HERRAMIENTA IDEAL PARA LA PREPARACION DE EXAMENES PARCIALES DE CERTIFICACION
650 1 4 _aPSIQUIATRIA
700 1 _aJACOBSON, JAMES L.
_etr.
740 _aPSYCHIATRIC SECRETS
700 1 _aJACOBSON, ALAN M.
_ecoaut.
999 _c49990
_d49990